| 000 | 00404nam a22001577a 4500 | ||
|---|---|---|---|
| 999 |
_c4523 _d4523 |
||
| 008 | 200813b ||||| |||| 00| 0 eng d | ||
| 082 | 0 | 0 |
_a621.9 _bT743 |
| 100 |
_9288 _aTown, H. C. |
||
| 245 | 1 | 0 |
_aMechanical engineering craft practice _cby H. C. Town |
| 250 | _a1st ed. | ||
| 260 |
_aLondon _bChatto&Windus _c1960 |
||
| 300 | _avii, 232 p. | ||
| 365 | _d12.80 | ||
| 650 | 0 | _aMachine Tools | |
| 942 | _cBK | ||